00511 2200205 4500001002100000008004100021035002000062082000800082084001400090100003000104245005900134250000600193260003200199300001200231650001400243990001200257990001200269990001200281990001200293INLIS000000000000434 ind  a0010-0424000410 a900 a900 Wah s aProf. Dr. Wahyudin, M. Pd aSejarah dan Peradaban DuniacProf. Dr. Wahyudin, M. Pd a1 aJakarta :bArmandeltac2006 a226 hlm aNon Fiksi a0722540 a0722541 a0722542 a0722543